Tribhuvan University Central Library

Amarsingh( aitihasik natak) (Record no. 102428)

MARC details
000 -LEADER
fixed length control field 00403nam a22001577a 4500
008 - FIXED-LENGTH DATA ELEMENTS--GENERAL INFORMATION
fixed length control field 211208b |||||||| |||| 00| 0 eng d
020 ## - INTERNATIONAL STANDARD BOOK NUMBER
International Standard Book Number 9789993326595
082 ## - DEWEY DECIMAL CLASSIFICATION NUMBER
Classification number N895.512/S432a
100 ## - MAIN ENTRY--PERSONAL NAME
Personal name Sama, Bal Krishna
245 ## - TITLE STATEMENT
Title Amarsingh( aitihasik natak)
250 ## - EDITION STATEMENT
Edition statement 12th ed.
260 ## - PUBLICATION, DISTRIBUTION, ETC.
Place of publication, distribution, etc. Lalitpur:
Name of publisher, distributor, etc. Sajha Prakasan,
Date of publication, distribution, etc. 2064.B.S.
300 ## - PHYSICAL DESCRIPTION
Other physical details 87p.
650 ## - SUBJECT ADDED ENTRY--TOPICAL TERM
Topical term or geographic name entry element Nepali drama
942 ## - ADDED ENTRY ELEMENTS (KOHA)
Source of classification or shelving scheme Dewey Decimal Classification
Koha item type General Collections
Holdings
Withdrawn status Lost status Source of classification or shelving scheme Damaged status Not for loan Home library Current library Date acquired Total Checkouts Full call number Barcode Date last seen Date last checked out Price effective from Koha item type
    Dewey Decimal Classification     Tribhuvan University Central Library Tribhuvan University Central Library 12/08/2021 1 N895.512/S432a 154876 05/31/2023 05/17/2023 12/08/2021 General Collections